Benfica Current Squad by Photos (24/25) - Statistics

General Stats
  • This quiz has been taken 49 times
  • The average score is 22 of 27
Answer Stats
Picture Hint Answer % Correct
#30 Nicolás Otamendi
98%
#11 Ángel Di María
95%
#4 António Silva
95%
#3 Álvaro Carreras
93%
#1 Anatoliy Trubin
93%
#14 Vangelis Pavlidis
93%
#6 Alexander Bah
91%
#10 Orkun Kökçü
91%
#61 Florentino
89%
#8 Fredrik Aursnes
86%
#17 Kerem Aktürkoğlu
86%
#85 Renato Sanches
86%
#19 Andrea Belotti
84%
#9 Arthur Cabral
84%
#26 Samuel Dahl
82%
#24 Samuel Soares
82%
#44 Tomás Araújo
82%
#18 Leandro Barreiro
80%
#7 Zeki Amdouni
77%
#27 Bruma
75%
#25 Gianluca Prestianni
75%
#84 João Rego
73%
#21 Andreas Schjelderup
70%
#47 Tiago Gouveia
70%
#71 Leandro Santos
68%
#81 Adrian Bajrami
66%
#16 Manu Silva
66%
No matching quizzes found
Score Distribution
Percent of People with Each Score
Percentile by Number Answered
Your Score History
You have not taken this quiz